<?xml version="1.0" encoding="UTF-8"?>
<record
    xmlns:xsi="http://www.w3.org/2001/XMLSchema-instance"
    xsi:schemaLocation="http://www.loc.gov/MARC21/slim http://www.loc.gov/standards/marcxml/schema/MARC21slim.xsd"
    xmlns="http://www.loc.gov/MARC21/slim">

  <leader>02261    a2200205   4500</leader>
  <controlfield tag="001">32952</controlfield>
  <controlfield tag="005">20260407155624.0</controlfield>
  <controlfield tag="008">260407a1965    arg                 spa d</controlfield>
  <controlfield tag="003">AR-UNSa-BCEJYS</controlfield>
  <datafield tag="040" ind1=" " ind2=" ">
    <subfield code="a">AR-UNSa-BCEJYS</subfield>
    <subfield code="b">spa</subfield>
    <subfield code="c">AR-UNSa-BCEJYS</subfield>
  </datafield>
  <datafield tag="080" ind1=" " ind2=" ">
    <subfield code="a">658.012.261</subfield>
    <subfield code="x">Suceso-nodo-red. Orientaci&#xF3;n al suceso. PERT (T&#xE9;cnica de Revisi&#xF3;n y Evaluaci&#xF3;n de Proyectos)</subfield>
  </datafield>
  <datafield tag="245" ind1="1" ind2="0">
    <subfield code="a">Administraci&#xF3;n y Control de Proyectos</subfield>
  </datafield>
  <datafield tag="264" ind1=" " ind2="1">
    <subfield code="a">M&#xE9;xico :</subfield>
    <subfield code="b">Editora T&#xE9;cnica</subfield>
    <subfield code="c">1965</subfield>
  </datafield>
  <datafield tag="300" ind1=" " ind2=" ">
    <subfield code="a">149 p.</subfield>
    <subfield code="c">32 cm.</subfield>
  </datafield>
  <datafield tag="505" ind1=" " ind2=" ">
    <subfield code="a">Vol.I: Determinaci&#xF3;n de la ruta cr&#xED;tica: Introducci&#xF3;n - 2. Diagramas de flechas - 3. Formaci&#xF3;n de diagrama de un proyecto - 4. Actividades cr&#xED;ticas y actividades no cr&#xED;ticas - iniciaci&#xF3;n mas pr&#xF3;xima - 5. Actividades cr&#xED;ticas y actividades no cr&#xED;ticas - iniciaci&#xF3;n mas alejada - 6. La ruta cr&#xED;tica y las fronteras de las actividades - 7. Redes de eventos claves - 7. Redes de eventos claves - 8. Determinaci&#xF3;n dela ruta cr&#xED;tica : perspectiva - Ap&#xE9;ndice : terminolog&#xED;a - - Vol.II: Planeaci&#xF3;n de operaciones aplicada : 1. La administraci&#xF3;n y planeaci&#xF3;n, programaci&#xF3;n y control de proyectos - 2. Como trabaja la ruta cr&#xED;tica - 3. Estimaci&#xF3;n de la duraci&#xF3;n y del costo de las actividades - 4. Duraci&#xF3;n y costo de un proyecto - 5. Como cumplir fechas de terminaci&#xF3;n programadas - 6. Uso de probabilidades en la planeaci&#xF3;n y programaci&#xF3;n - 7. Diagramas a escala de tiempo - 8. Asignaci&#xF3;n y programaci&#xF3;n de recursos una introducci&#xF3;n al MAP - 9. Uso del PERT/ CPM y del MAP - 1O. Administraci&#xF3;n  y control de proyectos - Ap&#xE9;ndice: Terminolog&#xED;a - Vol.III: Asignaci&#xF3;n y programaci&#xF3;n de recursos : 1. Asignaci&#xF3;n y programaci&#xF3;n de recursos - 2. Criterios para asignar recursos - 3. Asignaci&#xF3;n de un recurso &#xFA;nico con l&#xED;mite fijo : procedimientos b&#xE1;sicos - 4. Asignaci&#xF3;n de un recurso &#xFA;nico con l&#xED;mite fijo: variantes y alternativas - 5. Asignaci&#xF3;n de un recurso &#xFA;nico con limite fijo. Extensiones y refinamientos - 6. Asignaci&#xF3;n de mas de un recurso - 7. Necesidades variables de fuerza de trabajo - 8. Otros problemas de nivelaci&#xF3;n - 9. El PERT/ CPM y el MAP en perspectiva. 



</subfield>
  </datafield>
  <datafield tag="942" ind1=" " ind2=" ">
    <subfield code="c">BK</subfield>
  </datafield>
  <datafield tag="590" ind1=" " ind2=" ">
    <subfield code="a">niveau_biblio:m niveau_hierar:0</subfield>
  </datafield>
  <datafield tag="100" ind1="1" ind2=" ">
    <subfield code="a">Martino, R.L.</subfield>
  </datafield>
  <datafield tag="700" ind1="1" ind2=" ">
    <subfield code="a">Cruz B., Abelardo</subfield>
  </datafield>
  <datafield tag="999" ind1=" " ind2=" ">
    <subfield code="c">2308</subfield>
    <subfield code="d">2308</subfield>
  </datafield>
  <datafield tag="952" ind1=" " ind2=" ">
    <subfield code="0">0</subfield>
    <subfield code="1">0</subfield>
    <subfield code="4">0</subfield>
    <subfield code="7">0</subfield>
    <subfield code="a">BCEJYS</subfield>
    <subfield code="b">BCEJYS</subfield>
    <subfield code="c">16</subfield>
    <subfield code="d">2026-04-07</subfield>
    <subfield code="l">0</subfield>
    <subfield code="o">658.012.261 M378 v.1</subfield>
    <subfield code="p">L23173</subfield>
    <subfield code="r">2026-04-07 15:56:24</subfield>
    <subfield code="w">2026-04-07</subfield>
    <subfield code="y">L</subfield>
  </datafield>
  <datafield tag="952" ind1=" " ind2=" ">
    <subfield code="0">0</subfield>
    <subfield code="1">0</subfield>
    <subfield code="4">0</subfield>
    <subfield code="7">0</subfield>
    <subfield code="a">BCEJYS</subfield>
    <subfield code="b">BCEJYS</subfield>
    <subfield code="c">16</subfield>
    <subfield code="d">2026-04-07</subfield>
    <subfield code="l">0</subfield>
    <subfield code="o">658.012.261 M378 v.2</subfield>
    <subfield code="p">L23174</subfield>
    <subfield code="r">2026-04-07 15:56:24</subfield>
    <subfield code="w">2026-04-07</subfield>
    <subfield code="y">L</subfield>
  </datafield>
  <datafield tag="952" ind1=" " ind2=" ">
    <subfield code="0">0</subfield>
    <subfield code="1">0</subfield>
    <subfield code="4">0</subfield>
    <subfield code="7">0</subfield>
    <subfield code="a">BCEJYS</subfield>
    <subfield code="b">BCEJYS</subfield>
    <subfield code="c">16</subfield>
    <subfield code="d">2026-04-07</subfield>
    <subfield code="l">0</subfield>
    <subfield code="o">658.012.261 M378 v.3</subfield>
    <subfield code="p">L23175</subfield>
    <subfield code="r">2026-04-07 15:56:24</subfield>
    <subfield code="w">2026-04-07</subfield>
    <subfield code="y">L</subfield>
  </datafield>
</record>
